[Event "Staufer op 34th"]
[Site "Schwaebisch Gmuend"]
[Date "2024.01.03"]
[Round "3"]
[White "Klaska, Philipp Leon"]
[Black "Riehle, Marco"]
[Result "0-1"]
[WhiteElo "2123"]
[BlackElo "2356"]
[PlyCount "90"]
[EventDate "2024.01.02"]
[EventType "swiss"]
[EventRounds "9"]
[EventCountry "GER"]
[SourceTitle "CB02_2024"]
[SourceDate "2024.01.10"]
[SourceVersion "1"]
[SourceVersionDate "2024.01.10"]
[SourceQuality "1"]

1. d4 d5 2. c4 e6 3. Nc3 Nf6 4. cxd5 exd5 5. Bg5 Nbd7 6. e3 h6 7. Bh4 Be7 8. Bd3 0-0 9. Nge2 b6 10. 0-0 c5 11. Rc1 Bb7 12. Bb1 Re8 13. dxc5 bxc5 14. Qc2 Ne4 15. Nxe4 dxe4 16. Bxe7 Qxe7 17. Rfd1 Ba6 18. Nf4 Nf6 19. Nd5 Nxd5 20. Rxd5 Rac8 21. Qc3 Red8 22. Rcd1 Bd3 23. Rxd8+ Rxd8 24. h3 c4 25. b3 Qa3 26. Qc1 Qxc1 27. Rxc1 c3 28. Bc2 f5 29. f3 Kf7 30. Kf2 Ke6 31. Bd1 Rc8 32. fxe4 Bxe4 33. Bf3 Ke5 34. Ke2 g5 35. Bxe4 Kxe4 36. b4 h5 37. a4 f4 38. exf4 gxf4 39. b5 Kd4 40. a5 Rc5 41. Rf1 f3+ 42. gxf3 Rxb5 43. Ra1 Rb2+ 44. Ke1 Ke3 45. f4 Rh2 0-1

[Event "GER-chT Lands U20"]
[Site "Hannover"]
[Date "2023.10.05"]
[Round "7"]
[White "Uyar, Levin"]
[Black "Klaska, Philipp Leon"]
[Result "0-1"]
[WhiteElo "1720"]
[BlackElo "2032"]
[PlyCount "82"]
[EventDate "2023.10.01"]
[EventType "team-swiss"]
[EventRounds "7"]
[EventCountry "GER"]
[SourceTitle "EXT 2024"]
[Source "ChessBase"]
[SourceDate "2023.10.10"]
[SourceVersion "1"]
[SourceVersionDate "2023.10.10"]
[SourceQuality "1"]

1. e4 c5 2. Nf3 Nc6 3. d4 cxd4 4. Nxd4 Nf6 5. Nc3 d6 6. Be2 e5 7. Nb3 h6 8. Be3 Be7 9. Qd2 0-0 10. 0-0-0 Be6 11. f3 a5 12. Kb1 a4 13. Nc1 a3 14. b3 Qa5 15. Na4 d5 16. Qxa5 Rxa5 17. Bb6 Rxa4 18. bxa4 dxe4 19. Nb3 Nd5 20. Rxd5 Bxd5 21. c4 Be6 22. fxe4 Ra8 23. a5 Bb4 24. Kc2 Nxa5 25. Bxa5 Bxa5 26. Nxa5 Rxa5 27. Rb1 Ra7 28. Kc3 Kf8 29. Rb5 f6 30. Kb4 Ke7 31. Ra5 Rxa5 32. Kxa5 Kd7 33. Kb6 Kc8 34. g4 Kb8 35. h3 h5 36. gxh5 Bxh3 37. Kb5 Kc7 38. c5 Bg2 39. Kb4 Bxe4 40. Kxa3 Bd5 41. Kb2 Kc6 0-1

[Event "GER-chT Lands U20"]
[Site "Hannover"]
[Date "2023.10.01"]
[Round "1"]
[White "Heinisch, Niklas"]
[Black "Klaska, Philipp Leon"]
[Result "1/2-1/2"]
[WhiteElo "1919"]
[BlackElo "2032"]
[PlyCount "78"]
[EventDate "2023.10.01"]
[EventType "team-swiss"]
[EventRounds "7"]
[EventCountry "GER"]
[SourceTitle "EXT 2024"]
[Source "ChessBase"]
[SourceDate "2023.10.10"]
[SourceVersion "1"]
[SourceVersionDate "2023.10.10"]
[SourceQuality "1"]

1. c4 e6 2. Nc3 f5 3. g3 Nf6 4. Bg2 Bb4 5. Nf3 0-0 6. 0-0 Qe7 7. d4 Bxc3 8. bxc3 d6 9. Qb3 Nbd7 10. Rb1 Kh8 11. Ne1 Rb8 12. Nd3 c5 13. Qa3 a6 14. dxc5 Nxc5 15. Bf4 Nfd7 16. Nxc5 Nxc5 17. Rfd1 e5 18. Be3 b6 19. Bxc5 dxc5 20. Rd2 e4 21. Rbd1 a5 22. Qb2 Be6 23. Bh3 f4 24. Bxe6 Qxe6 25. Rd6 Qh3 26. gxf4 Qg4+ 27. Kh1 Qxf4 28. e3 Qf3+ 29. Kg1 Rbe8 30. R1d2 Re5 31. R2d5 Qg4+ 32. Kf1 Qh3+ 33. Kg1 Ref5 34. Rxf5 Qxf5 35. Qd2 Qg4+ 36. Kf1 Qh3+ 37. Kg1 Qg4+ 38. Kf1 Qh3+ 39. Kg1 Qg4+ 1/2-1/2

[Event "GER-ch U14"]
[Site "Willingen"]
[Date "2023.05.31"]
[Round "5"]
[White "Dyachuk, Artem"]
[Black "Klaska, Philipp Leon"]
[Result "0-1"]
[WhiteElo "2312"]
[BlackElo "2026"]
[PlyCount "150"]
[EventDate "2023.05.27"]
[EventType "swiss"]
[EventRounds "9"]
[EventCountry "GER"]
[SourceTitle "CBM 214 Extra"]
[Source "ChessBase"]
[SourceDate "2023.07.31"]
[SourceVersion "1"]
[SourceVersionDate "2023.07.31"]
[SourceQuality "1"]

1. Nf3 Nf6 2. e3 c5 3. b3 b6 4. Bb2 Bb7 5. d4 cxd4 6. exd4 e6 7. Bd3 Be7 8. 0-0 0-0 9. c4 d5 10. Qe2 Nbd7 11. Nbd2 Rc8 12. Rac1 Re8 13. Ne5 dxc4 14. bxc4 Nxe5 15. dxe5 Nd7 16. Rc3 g6 17. Bb1 Bf8 18. f4 Nc5 19. Rg3 Bg7 20. Nf3 Bxf3 21. Qxf3 Rc7 22. Bc3 Qe7 23. Bc2 Rec8 24. Bb4 Qe8 25. Ba3 Rd8 26. Qe3 Qd7 27. h4 Qd2 28. Rd1 Qxe3+ 29. Rxe3 Rxd1+ 30. Bxd1 Rd7 31. Bb3 Bf8 32. Kh2 Nxb3 33. Rxb3 Rd4 34. Kg3 Rxc4 35. Bxf8 Kxf8 36. Ra3 Rc7 37. Kg4 Kg7 38. h5 a5 39. Kg5 h6+ 40. Kg4 Rc2 41. g3 Rb2 42. Rc3 a4 43. Rc6 gxh5+ 44. Kxh5 a3 45. Kg4 Rxa2 46. Rxb6 Ra1 47. Ra6 a2 48. Ra8 h5+ 49. Kg5 h4 50. f5 exf5 51. e6 fxe6 52. Ra7+ Kf8 53. Kf6 Ke8 54. Ra8+ Kd7 55. gxh4 f4 56. Ra3 f3 57. Rd3+ Kc7 58. Rd2 e5 59. Rc2+ Kd6 60. Rd2+ Kc5 61. Rc2+ Kd4 62. Rh2 e4 63. h5 e3 64. h6 Rb1 65. Rxa2 Rb6+ 66. Kg5 Rxh6 67. Ra4+ Kd3 68. Ra3+ Ke2 69. Ra2+ Kf1 70. Kf4 e2 71. Kxf3 e1Q 72. Ra4 Qd1+ 73. Ke3 Qxa4 74. Kd2 Qa3 75. Kc2 Rh2+ 0-1

[Event "GER-ch U14"]
[Site "Willingen"]
[Date "2023.05.30"]
[Round "4"]
[White "Klaska, Philipp Leon"]
[Black "Braeutigam, Alexander"]
[Result "1-0"]
[WhiteElo "2026"]
[BlackElo "1892"]
[PlyCount "69"]
[EventDate "2023.05.27"]
[EventType "swiss"]
[EventRounds "9"]
[EventCountry "GER"]
[SourceTitle "CBM 214 Extra"]
[Source "ChessBase"]
[SourceDate "2023.07.31"]
[SourceVersion "1"]
[SourceVersionDate "2023.07.31"]
[SourceQuality "1"]

1. d4 Nf6 2. c4 e6 3. Nc3 d5 4. cxd5 exd5 5. e3 c6 6. Bd3 Bd6 7. Nge2 0-0 8. Ng3 Re8 9. Qc2 Qb6 10. 0-0 Bxg3 11. hxg3 Nbd7 12. Bd2 Nf8 13. b4 Bd7 14. a4 a6 15. Rab1 Rec8 16. a5 Qd8 17. Na4 Rab8 18. Nc5 Ne6 19. Bc3 Qe7 20. Rbe1 Re8 21. f3 Qd6 22. Qf2 Nh5 23. g4 Nf6 24. Qh4 h6 25. Re2 Qc7 26. Be1 Rbd8 27. Bg3 Qc8 28. Kf2 Ng5 29. Bf4 Ngh7 30. Rh1 Bxg4 31. Bxh7+ Kxh7 32. Bxh6 Bh5 33. Bxg7 Kxg7 34. Qg5+ Bg6 35. Qh6+ 1-0

[Event "GER-ch U14"]
[Site "Willingen"]
[Date "2022.06.11"]
[Round "9"]
[White "Deuer, Marius"]
[Black "Klaska, Philipp Leon"]
[Result "1-0"]
[WhiteElo "2351"]
[BlackElo "1946"]
[PlyCount "81"]
[EventDate "2022.06.04"]
[EventType "swiss"]
[EventRounds "9"]
[EventCountry "GER"]
[SourceTitle "CBM 208 Extra"]
[Source "ChessBase"]
[SourceDate "2022.07.31"]
[SourceVersion "1"]
[SourceVersionDate "2022.07.31"]
[SourceQuality "1"]

1. c4 Nf6 2. Nc3 c5 3. Nf3 d5 4. cxd5 Nxd5 5. e3 Nc6 6. Bb5 e6 7. 0-0 Be7 8. Ne5 Bd7 9. Bxc6 Bxc6 10. Nxc6 bxc6 11. Na4 0-0 12. b3 Nb6 13. Nb2 Qd5 14. Qc2 Rfd8 15. d3 Bf6 16. Rd1 Rd7 17. a4 a5 18. Rb1 Qd6 19. e4 Bd4 20. Qe2 Rb8 21. Be3 Rdb7 22. Qd2 Qc7 23. Qxa5 Nd5 24. Qxc7 Nxc7 25. Bxd4 cxd4 26. Rbc1 Rxb3 27. Rxc6 Rxb2 28. Rxc7 Rd2 29. Rcc1 Rxd1+ 30. Rxd1 Kf8 31. Ra1 Ke7 32. f4 Kd7 33. a5 Kc7 34. Ra4 Rd8 35. Rb4 Rd6 36. Kf2 Ra6 37. Rc4+ Kb8 38. Rxd4 Rxa5 39. Rd8+ Kc7 40. Rf8 f6 41. Rf7+ 1-0

[Event "GER-ch U14"]
[Site "Willingen"]
[Date "2022.06.08"]
[Round "5"]
[White "Besou, Hussain"]
[Black "Klaska, Philipp Leon"]
[Result "1/2-1/2"]
[WhiteElo "2094"]
[BlackElo "1946"]
[PlyCount "94"]
[EventDate "2022.06.04"]
[EventType "swiss"]
[EventRounds "9"]
[EventCountry "GER"]
[SourceTitle "CBM 208 Extra"]
[Source "ChessBase"]
[SourceDate "2022.07.31"]
[SourceVersion "1"]
[SourceVersionDate "2022.07.31"]
[SourceQuality "1"]

1. e4 c5 2. Nf3 e6 3. d4 cxd4 4. Nxd4 a6 5. Bd3 Qc7 6. 0-0 Nf6 7. Qe2 d6 8. c4 Nbd7 9. Nc3 Be7 10. f4 0-0 11. Kh1 g6 12. f5 Ne5 13. Bh6 Re8 14. fxe6 fxe6 15. Bg5 Nfg4 16. Bd2 Nxd3 17. Qxg4 Ne5 18. Qg3 Nxc4 19. Bh6 Bd7 20. Qf4 Ne5 21. Nf3 Nf7 22. Qe3 Qc5 23. Rad1 Qxe3 24. Bxe3 Bf6 25. e5 Bxe5 26. Nxe5 Nxe5 27. Rxd6 Bc6 28. Rd4 Rad8 29. h3 Rxd4 30. Bxd4 Nf7 31. Kh2 e5 32. Bc5 Rd8 33. Rf2 Kg7 34. a3 Rd7 35. Be3 Nd6 36. Bg5 Rf7 37. Re2 Rf5 38. Be7 Nf7 39. Bc5 Kf6 40. Nd1 Rf4 41. Ne3 Ke6 42. Rd2 h5 43. b3 g5 44. a4 Rf6 45. a5 Rg6 46. Kg3 Rg8 47. h4 Kf6 1/2-1/2

[Event "GER-ch U14"]
[Site "Willingen"]
[Date "2022.06.06"]
[Round "3"]
[White "Huber, Benedikt Thomas"]
[Black "Klaska, Philipp Leon"]
[Result "0-1"]
[WhiteElo "1780"]
[BlackElo "1946"]
[PlyCount "76"]
[EventDate "2022.06.04"]
[EventType "swiss"]
[EventRounds "9"]
[EventCountry "GER"]
[SourceTitle "CBM 208 Extra"]
[Source "ChessBase"]
[SourceDate "2022.07.31"]
[SourceVersion "1"]
[SourceVersionDate "2022.07.31"]
[SourceQuality "1"]

1. e4 e6 2. d4 d5 3. e5 c5 4. c3 Nc6 5. Nf3 Qb6 6. a3 Nh6 7. Be2 cxd4 8. cxd4 Nf5 9. 0-0 Nfxd4 10. Nbd2 Nxe2+ 11. Qxe2 a5 12. Nb1 Qa6 13. Qd1 Be7 14. Nc3 0-0 15. Be3 a4 16. Rc1 Bd7 17. Re1 Rfc8 18. Qc2 Na5 19. Bg5 Bf8 20. Nd4 Rc4 21. Rcd1 Qb6 22. Be3 Qc7 23. f4 Bxa3 24. Qf2 Bc5 25. f5 Bxd4 26. Bxd4 Nb3 27. Bb6 Qc6 28. f6 g6 29. g3 Nc5 30. Bxc5 Qxc5 31. Re3 b5 32. Kg2 a3 33. Re2 Qxf2+ 34. Rxf2 b4 35. Ne2 a2 36. Ra1 b3 37. Nc3 d4 38. Ne4 Bc6 0-1

[Event "GER-chT U12"]
[Site "Naumburg Saale"]
[Date "2022.03.26"]
[Round "3.1"]
[White "Klaska, Philipp Leon"]
[Black "Ermitsch, Magnus"]
[Result "0-1"]
[WhiteElo "1958"]
[BlackElo "2127"]
[PlyCount "56"]
[EventDate "2022.03.25"]
[EventType "team-swiss"]
[EventRounds "6"]
[EventCountry "GER"]
[SourceTitle "EXT 2023"]
[Source "ChessBase"]
[SourceDate "2022.10.05"]
[SourceVersion "1"]
[SourceVersionDate "2022.10.05"]
[SourceQuality "1"]
[WhiteTeam "Duesseldorf SV"]
[BlackTeam "Lichtenberg Borussia"]
[WhiteTeamCountry "GER"]
[BlackTeamCountry "GER"]

1. e4 c5 2. Nf3 e6 3. d4 cxd4 4. Nxd4 Nc6 5. Nc3 Qc7 6. Be3 a6 7. g4 h6 8. Qd2 Nf6 9. f3 b5 10. 0-0-0 Bb7 11. Kb1 Rc8 12. h4 Nxd4 13. Bxd4 e5 14. Bf2 Bb4 15. Be1 d5 16. exd5 Nxd5 17. Nxb5 axb5 18. Bxb5+ Ke7 19. c3 Rhd8 20. cxb4 Nc3+ 21. bxc3 Rxd2 22. Rxd2 Rd8 23. Rhh2 Bxf3 24. g5 e4 25. Rxd8 Qxd8 26. Rd2 Qb6 27. a4 Qg1 28. Rd7+ Ke6 0-1

[Event "Reinstorf op"]
[Site "Reinstorf"]
[Date "2022.02.05"]
[Round "8"]
[White "Klaska, Philipp Leon"]
[Black "Zschiesing, Falk"]
[Result "1-0"]
[WhiteElo "1831"]
[BlackElo "1963"]
[PlyCount "55"]
[EventDate "2022.01.29"]
[EventType "swiss"]
[EventRounds "9"]
[EventCountry "GER"]
[SourceTitle "CBM 206 Extra"]
[Source "ChessBase"]
[SourceDate "2022.03.31"]
[SourceVersion "1"]
[SourceVersionDate "2022.03.31"]
[SourceQuality "1"]

1. e4 e5 2. Nf3 Nc6 3. Bb5 a6 4. Bxc6 dxc6 5. 0-0 Bg4 6. h3 Bh5 7. g4 Bg6 8. Nxe5 Qh4 9. Qf3 f6 10. Nxg6 hxg6 11. Kg2 0-0-0 12. Nc3 Bd6 13. d4 Ne7 14. Ne2 g5 15. Rh1 Qh7 16. Be3 Kb8 17. Ng3 Ng6 18. Nf5 Rde8 19. Rae1 Re7 20. Kg1 Rhe8 21. Nxe7 Nh4 22. Qe2 Qxe4 23. f3 Nxf3+ 24. Kf2 Nxe1 25. Nxc6+ Qxc6 26. Rxe1 Qb6 27. Qd3 Qxb2 28. Bc1 1-0

[Event "Reinstorf Blitz op"]
[Site "Reinstorf"]
[Date "2022.02.04"]
[Round "8"]
[White "Klaska, Philipp Leon"]
[Black "Jalving, August"]
[Result "1-0"]
[WhiteElo "1958"]
[BlackElo "1876"]
[PlyCount "45"]
[EventDate "2022.01.29"]
[EventType "swiss (blitz)"]
[EventRounds "9"]
[EventCountry "GER"]
[SourceTitle "CBM 206 Extra"]
[Source "ChessBase"]
[SourceDate "2022.03.31"]
[SourceVersion "1"]
[SourceVersionDate "2022.03.31"]
[SourceQuality "1"]

1. e4 e5 2. Nf3 Nc6 3. Bb5 a6 4. Ba4 b5 5. Bb3 Nf6 6. 0-0 Nxe4 7. Re1 Nd6 8. Nxe5 Nxe5 9. Rxe5+ Be7 10. Qe1 Kf8 11. d4 Bf6 12. Nc3 Bxe5 13. dxe5 Nf5 14. Qe4 d5 15. exd6 Rb8 16. dxc7 Qxc7 17. Bf4 Qb7 18. Bxb8 Qxb8 19. Re1 Bd7 20. Nd5 g6 21. Nf6 Qd8 22. Qe5 Ng7 23. Qd6+ 1-0

[Event "Reinstorf op"]
[Site "Reinstorf"]
[Date "2022.02.04"]
[Round "7"]
[White "Schmidt, Theo"]
[Black "Klaska, Philipp Leon"]
[Result "1/2-1/2"]
[WhiteElo "1997"]
[BlackElo "1831"]
[PlyCount "79"]
[EventDate "2022.01.29"]
[EventType "swiss"]
[EventRounds "9"]
[EventCountry "GER"]
[SourceTitle "CBM 206 Extra"]
[Source "ChessBase"]
[SourceDate "2022.03.31"]
[SourceVersion "1"]
[SourceVersionDate "2022.03.31"]
[SourceQuality "1"]

1. d4 Nf6 2. Nf3 d5 3. c4 e6 4. Nc3 Be7 5. Bf4 0-0 6. e3 c6 7. Qc2 Nbd7 8. a3 b6 9. cxd5 cxd5 10. Bd3 Bb7 11. 0-0 a6 12. Rfc1 Rc8 13. a4 Nb8 14. Qe2 a5 15. Ne5 Nc6 16. Nxc6 Rxc6 17. Nb5 Qd7 18. Na7 Rxc1+ 19. Rxc1 Bd6 20. Bb5 Qe7 21. Bxd6 Qxd6 22. Qc2 Ra8 23. Bc6 Bxc6 24. Qxc6 Qxc6 25. Rxc6 Rb8 26. Nb5 Ne8 27. Kf1 Kf8 28. Ke2 Ke7 29. Kd3 Kd7 30. Rc3 Rc8 31. f3 Nd6 32. Rxc8 Nxc8 33. e4 Ne7 34. e5 Nc8 35. g4 f6 36. f4 fxe5 37. dxe5 g6 38. Nd4 Ne7 39. h4 h5 40. gxh5 1/2-1/2

[Event "Reinstorf Blitz op"]
[Site "Reinstorf"]
[Date "2022.02.04"]
[Round "5"]
[White "Van den Doel, Erik"]
[Black "Klaska, Philipp Leon"]
[Result "1-0"]
[WhiteElo "2591"]
[BlackElo "1958"]
[PlyCount "71"]
[EventDate "2022.01.29"]
[EventType "swiss (blitz)"]
[EventRounds "9"]
[EventCountry "GER"]
[SourceTitle "CBM 206 Extra"]
[Source "ChessBase"]
[SourceDate "2022.03.31"]
[SourceVersion "1"]
[SourceVersionDate "2022.03.31"]
[SourceQuality "1"]

1. d4 d5 2. Nf3 Nf6 3. c3 c5 4. dxc5 a5 5. Bg5 e6 6. e3 Bxc5 7. Nbd2 Nc6 8. Bd3 h6 9. Bh4 0-0 10. 0-0 Be7 11. Qe2 Bd7 12. e4 dxe4 13. Nxe4 Nxe4 14. Qxe4 g6 15. Bg3 Qb6 16. Rab1 Rae8 17. Rfd1 f5 18. Qe2 Bf6 19. Bd6 Rf7 20. Bc4 Qd8 21. Bb5 Qb6 22. a4 e5 23. Nd2 Nd4 24. cxd4 Qxd6 25. Nc4 Qc7 26. d5 Bxb5 27. axb5 e4 28. d6 Qd7 29. Nb6 Qd8 30. d7 Ree7 31. Rbc1 Qxb6 32. d8Q+ Qxd8 33. Rxd8+ Kg7 34. b6 Rd7 35. Rxd7 Rxd7 36. Rc7 1-0

[Event "Reinstorf op"]
[Site "Reinstorf"]
[Date "2022.02.02"]
[Round "5"]
[White "Klaska, Philipp Leon"]
[Black "Ermitsch, Michael"]
[Result "0-1"]
[WhiteElo "1831"]
[BlackElo "2103"]
[PlyCount "54"]
[EventDate "2022.01.29"]
[EventType "swiss"]
[EventRounds "9"]
[EventCountry "GER"]
[SourceTitle "CBM 206 Extra"]
[Source "ChessBase"]
[SourceDate "2022.03.31"]
[SourceVersion "1"]
[SourceVersionDate "2022.03.31"]
[SourceQuality "1"]

1. e4 d6 2. d4 Nf6 3. Nc3 e5 4. dxe5 dxe5 5. Qxd8+ Kxd8 6. Bg5 c6 7. f4 h6 8. 0-0-0+ Kc7 9. Bxf6 gxf6 10. Bc4 Rg8 11. Rd2 Bc5 12. Re2 exf4 13. Bxf7 Rg7 14. Bb3 b5 15. Nd1 Bg4 16. Nf3 Nd7 17. Ree1 Bxf3 18. gxf3 Ne5 19. Ref1 Rg2 20. Be6 Rd8 21. Bh3 Rgd2 22. Bg4 Nc4 23. h3 Rg2 24. Be6 Rdd2 25. Bxc4 Rxc2+ 26. Kb1 bxc4 27. Re1 Bd4 0-1

[Event "Reinstorf op"]
[Site "Reinstorf"]
[Date "2022.02.01"]
[Round "4"]
[White "Paashaus, Detlef"]
[Black "Klaska, Philipp Leon"]
[Result "0-1"]
[WhiteElo "2096"]
[BlackElo "1831"]
[PlyCount "62"]
[EventDate "2022.01.29"]
[EventType "swiss"]
[EventRounds "9"]
[EventCountry "GER"]
[SourceTitle "CBM 206 Extra"]
[Source "ChessBase"]
[SourceDate "2022.03.31"]
[SourceVersion "1"]
[SourceVersionDate "2022.03.31"]
[SourceQuality "1"]

1. d4 Nf6 2. Nf3 d5 3. e3 Bf5 4. Bd3 Bg6 5. Bxg6 hxg6 6. c4 e6 7. Qa4+ c6 8. cxd5 exd5 9. Nc3 Bd6 10. Bd2 Nbd7 11. 0-0-0 0-0 12. Qc2 Re8 13. Kb1 a5 14. h4 Ra6 15. Rdg1 b5 16. g4 b4 17. Na4 Re4 18. h5 Nxg4 19. hxg6 fxg6 20. Rg2 Qf6 21. Qd1 Ra8 22. Rh3 Rf8 23. Qg1 Qf5 24. Nh4 Qe6 25. f3 Nxe3 26. Rxg6 Qxh3 27. Rxg7+ Kh8 28. Ng6+ Kxg7 29. Nf4+ Qg4 30. fxg4 Bxf4 31. g5 Rf5 0-1

[Event "Reinstorf op"]
[Site "Reinstorf"]
[Date "2022.01.31"]
[Round "3"]
[White "Klaska, Philipp Leon"]
[Black "Oest, Thorsten"]
[Result "1/2-1/2"]
[WhiteElo "1831"]
[BlackElo "2111"]
[PlyCount "84"]
[EventDate "2022.01.29"]
[EventType "swiss"]
[EventRounds "9"]
[EventCountry "GER"]
[SourceTitle "CBM 206 Extra"]
[Source "ChessBase"]
[SourceDate "2022.03.31"]
[SourceVersion "1"]
[SourceVersionDate "2022.03.31"]
[SourceQuality "1"]

1. e4 c5 2. Nf3 d6 3. d4 cxd4 4. Nxd4 Nf6 5. Nc3 a6 6. Bg5 e6 7. f4 Be7 8. Qf3 Qc7 9. 0-0-0 Nbd7 10. Bd3 b5 11. Rhe1 Bb7 12. Qg3 b4 13. Nd5 Bxd5 14. exd5 Nxd5 15. Bxe7 Nxe7 16. Qxg7 Rf8 17. Qxh7 Nc5 18. Nb3 Nxb3+ 19. axb3 Qa5 20. Kb1 Rc8 21. Qe4 d5 22. Qe2 Rc6 23. f5 Kd7 24. g4 Qb6 25. f6 Nc8 26. g5 Rg8 27. h4 Na7 28. Qg4 Kc7 29. g6 fxg6 30. f7 Rf8 31. Qxg6 Nb5 32. Bxb5 axb5 33. h5 e5 34. Qg7 Qc5 35. Qxe5+ Kb6 36. Qe3 Rxf7 37. Qxc5+ Kxc5 38. Re5 Rd6 39. Kc1 Rf2 40. Rd2 Rf1+ 41. Rd1 Rf2 42. Rg5 Rh2 1/2-1/2

[Event "Heusenstamm Sparkassen op-A 7th"]
[Site "Heusenstamm"]
[Date "2021.11.21"]
[Round "7.29"]
[White "Schmidt, Markus"]
[Black "Klaska, Philipp Leon"]
[Result "1-0"]
[WhiteElo "2089"]
[BlackElo "1745"]
[PlyCount "39"]
[EventDate "2021.11.18"]
[EventType "swiss"]
[EventRounds "7"]
[EventCountry "GER"]
[SourceTitle "EXT 2023"]
[Source "ChessBase"]
[SourceDate "2022.10.05"]
[SourceVersion "1"]
[SourceVersionDate "2022.10.05"]
[SourceQuality "1"]

1. Nf3 d5 2. c4 e6 3. g3 Nf6 4. Bg2 Be7 5. d4 0-0 6. Nc3 Nbd7 7. 0-0 dxc4 8. a4 c5 9. Qc2 Qb6 10. a5 Qb3 11. Qb1 Rd8 12. Nd2 Qb4 13. Ra4 cxd4 14. Rxb4 Bxb4 15. Na2 Bxa5 16. Nxc4 Bc7 17. Bg5 Rb8 18. Rc1 a6 19. Nd2 Be5 20. Nf3 1-0

[Event "Heusenstamm Sparkassen op-A 7th"]
[Site "Heusenstamm"]
[Date "2021.11.20"]
[Round "4.61"]
[White "Klaska, Philipp Leon"]
[Black "Knoedler, Marcel"]
[Result "1/2-1/2"]
[WhiteElo "1745"]
[BlackElo "1857"]
[PlyCount "132"]
[EventDate "2021.11.18"]
[EventType "swiss"]
[EventRounds "7"]
[EventCountry "GER"]
[SourceTitle "EXT 2023"]
[Source "ChessBase"]
[SourceDate "2022.10.05"]
[SourceVersion "1"]
[SourceVersionDate "2022.10.05"]
[SourceQuality "1"]

1. e4 b6 2. d4 Bb7 3. Bd3 g6 4. Nf3 Bg7 5. 0-0 e6 6. Bg5 Ne7 7. c3 0-0 8. Nbd2 d6 9. Qe2 Nd7 10. Rfd1 f6 11. Bh4 g5 12. Bg3 Ng6 13. Re1 e5 14. h4 Qe7 15. Nc4 Nf4 16. Bxf4 gxf4 17. h5 Bc8 18. Ncd2 Rd8 19. Ba6 Bxa6 20. Qxa6 Qe8 21. Qc4+ Kh8 22. Qxc7 Nf8 23. Nh4 Rd7 24. Qc4 Qxh5 25. Nf5 d5 26. Qe2 Qxe2 27. Rxe2 exd4 28. cxd4 Re8 29. Rae1 Ng6 30. Kf1 Kg8 31. Nf3 dxe4 32. Rxe4 Rxe4 33. Rxe4 Bf8 34. N3h4 Kf7 35. Ke2 Rc7 36. Kd2 Rd7 37. Kc3 b5 38. Nf3 a5 39. N5h4 Rc7+ 40. Kd3 Bd6 41. Re2 Rc8 42. Rc2 Rxc2 43. Kxc2 Ke6 44. Kd3 Ne7 45. Nd2 f5 46. Nhf3 Nd5 47. a3 a4 48. Nb1 b4 49. Kc4 bxa3 50. bxa3 Nf6 51. Ng5+ Ke7 52. Kb5 Ne4 53. Nxe4 fxe4 54. Kxa4 Ke6 55. Kb3 Kd5 56. Kc3 h5 57. Nd2 Bxa3 58. Nc4 Bd6 59. Nd2 h4 60. f3 e3 61. Ne4 Be7 62. Kd3 Bb4 63. Nf6+ Ke6 64. Ne4 Be7 65. Nc3 Bb4 66. Ne2 Kf5 1/2-1/2

[Event "GER-ch U12"]
[Site "Willingen"]
[Date "2021.08.27"]
[Round "7"]
[White "Helms, Finn"]
[Black "Klaska, Philipp Leon"]
[Result "0-1"]
[WhiteElo "1972"]
[BlackElo "1742"]
[PlyCount "92"]
[EventDate "2021.08.22"]
[EventType "swiss"]
[EventRounds "9"]
[EventCountry "GER"]
[SourceTitle "EXT 2022"]
[Source "ChessBase"]
[SourceDate "2021.10.06"]
[SourceVersion "1"]
[SourceVersionDate "2021.10.06"]
[SourceQuality "1"]

1. e4 d5 2. exd5 Qxd5 3. d4 Nf6 4. Nc3 Qa5 5. h3 Ne4 6. Nf3 Nxc3 7. bxc3 g6 8. Bd3 Bg7 9. 0-0 0-0 10. Bg5 Nc6 11. Qd2 Bf5 12. Rfb1 Bxd3 13. Qxd3 Rab8 14. Rb5 Qa3 15. Rab1 b6 16. Qc4 a6 17. Rd5 Na5 18. Qf1 Qxc3 19. Rd7 Rfe8 20. Rxe7 Rxe7 21. Bxe7 Qxc2 22. Rc1 Qxa2 23. Rxc7 b5 24. Qe1 Nb7 25. Qe4 Nd8 26. d5 f5 27. Qd3 Qa1+ 28. Kh2 Be5+ 29. g3 Bxc7 30. d6 Bb6 31. Qd5+ Nf7 32. Ng5 Qg7 33. Ne6 Qe5 34. Qa2 Bxf2 35. Qxf2 Qxe6 36. Qa7 Rc8 37. Qf2 Nxd6 38. Bxd6 Qxd6 39. h4 Rc3 40. Qa2+ Kf8 41. Qb2 Qxg3+ 42. Kh1 Qxh4+ 43. Kg1 Rg3+ 44. Kf1 Qh1+ 45. Kf2 Qh2+ 46. Kf1 Rg1# 0-1

[Event "GER-ch U12"]
[Site "Willingen"]
[Date "2021.08.23"]
[Round "2"]
[White "Klaska, Philipp Leon"]
[Black "Wolff, Calvin"]
[Result "1/2-1/2"]
[WhiteElo "1742"]
[BlackElo "1368"]
[PlyCount "81"]
[EventDate "2021.08.22"]
[EventType "swiss"]
[EventRounds "9"]
[EventCountry "GER"]
[SourceTitle "EXT 2022"]
[Source "ChessBase"]
[SourceDate "2021.10.06"]
[SourceVersion "1"]
[SourceVersionDate "2021.10.06"]
[SourceQuality "1"]

1. e4 e5 2. Nf3 Nc6 3. Bc4 Bc5 4. c3 Nf6 5. d4 exd4 6. 0-0 dxc3 7. Nxc3 d6 8. Bg5 Be6 9. Nd5 Bxd5 10. exd5 Ne7 11. Re1 0-0 12. Bxf6 gxf6 13. Nh4 Ng6 14. Qh5 f5 15. Nxf5 Qf6 16. Re2 Kh8 17. g3 Ne5 18. Bb3 Rg8 19. Qh3 Nd3 20. Ne3 Nf4 21. Qf1 Nxe2+ 22. Qxe2 Rae8 23. Re1 Re5 24. Qd3 Rh5 25. Bd1 Bxe3 26. Rxe3 Re5 27. Bc2 Qh6 28. Qc3 Qg7 29. Rxe5 Qxe5 30. Qxc7 Qxd5 31. Bb3 Qf3 32. Qxd6 Re8 33. Qd4+ f6 34. Qd2 Re2 35. Qd8+ Kg7 36. Qg8+ Kh6 37. Qf8+ Kg6 38. Qg8+ Kh6 39. Qf8+ Kg6 40. Qg8+ Kh6 41. Qf8+ 1/2-1/2

[Event "GER-chT U14"]
[Site "Willingen"]
[Date "2021.06.24"]
[Round "1.6"]
[White "Nitsche, Nikolai"]
[Black "Klaska, Philipp Leon"]
[Result "1/2-1/2"]
[WhiteElo "1831"]
[BlackElo "1755"]
[PlyCount "81"]
[EventDate "2021.06.23"]
[EventType "team-swiss"]
[EventRounds "7"]
[EventCountry "GER"]
[SourceTitle "EXT 2022"]
[Source "ChessBase"]
[SourceDate "2021.10.06"]
[SourceVersion "1"]
[SourceVersionDate "2021.10.06"]
[SourceQuality "1"]
[WhiteTeam "Berlin Empor"]
[BlackTeam "Duesseldorf SV"]
[WhiteTeamCountry "GER"]
[BlackTeamCountry "GER"]

1. Nf3 d5 2. g3 c5 3. Bg2 Nc6 4. d3 Nf6 5. 0-0 e5 6. a3 Be7 7. c4 d4 8. b4 cxb4 9. axb4 Bxb4 10. Nxe5 Bd7 11. Nxc6 Bxc6 12. Bxc6+ bxc6 13. Qa4 Qb6 14. Ba3 Bxa3 15. Qxa3 c5 16. Nd2 0-0 17. Qa6 Rfe8 18. Qxb6 axb6 19. Rxa8 Rxa8 20. Rb1 Nd7 21. Rb2 Kf8 22. f4 Ke7 23. Ne4 f5 24. Ng5 h6 25. Nf3 Kf6 26. Ne5 Nxe5 27. fxe5+ Kxe5 28. Rxb6 Ra1+ 29. Kf2 f4 30. Rc6 fxg3+ 31. hxg3 Ra5 32. Kf3 Kf5 33. g4+ Kg5 34. Kg3 h5 35. gxh5 Kxh5 36. Kf4 g6 37. Rc8 g5+ 38. Kf5 Kh4 39. Rh8+ Kg3 40. Kxg5 Ra2 41. Re8 1/2-1/2